00262nam a22000977a 450000500170000000800410001702000150005804000080007324500470008126000360012820200811163630.0200810b ||||| |||| 00| 0 eng d a042350570X cCML aChallenge Stories of Courage.cHerod, F.G. aLondonbMethuen Educationc1980